| 000 | 00674 a2200289 4500 | ||
|---|---|---|---|
| 260 | _aParis | ||
| 630 | _a657 - Comptabilité | ||
| 037 | _b2, Achat | ||
| 650 | _a6 - SCIENCES APPLIQUEES | ||
| 100 | _aGross, Bernadette | ||
| 700 | _aChartier, Marie-Henri | ||
| 260 | _bEditions Litec | ||
| 245 | _aTechnique de comptabilité notariale | ||
| 300 | _a776 p. | ||
| 650 | _aNotariat : comptabilité | ||
| 260 | _c1992 | ||
| 300 | _b21cm | ||
| 100 | _lFr | ||
| 037 | _aDe 6490 | ||
| 037 | _aDe 6491 | ||
| 440 | _aPratique notariale | ||
| 700 | _acol., Manent, Ghislaine | ||
| 440 | _x0336-8076 | ||
| 020 | _a2-7111-2064-3 | ||
| 999 |
_c42093 _d42093 |
||